000 00411nam a2200133Ia 4500
008 170516s9999 xx 000 0 und d
245 2 _aA Fluorescence-Guided Laser Ablation System for Removal of Residual Cancer in a Mouse Model of Soft Tissue Sarcoma
260 _bTheranostics
260 _c2016
300 _a6:2
650 _xMedical Technology
650 _xMedtech
856 _uhttp://www.thno.org/v6i2
999 _c329917
_d329917